| 000 | 00967 a2200241 4500 | ||
|---|---|---|---|
| 003 | NUST | ||
| 005 | 20221230185340.0 | ||
| 010 | _a 94017027 | ||
| 020 | _a0870239457 (cloth) | ||
| 020 | _a0870239465 (pbk.) | ||
| 040 | _cNust | ||
| 082 | 0 | 0 | _a363.7,MAR |
| 100 | 1 |
_aMartell, Luke. _9106550 |
|
| 245 | 1 | 0 |
_aEcology and society :an introduction / _cLuke Martell. |
| 260 |
_aAmherst : _bUniversity of Massachusetts Press, _c1994. |
||
| 300 |
_a232 p. ; _c23 cm. |
||
| 505 | _aIntroduction (Page-1), Ecology and Industrialism (Page-15), The Sustainable Society (Page-47), Green Philosophy (Page-77), The Green Movement (Page-108), Ecology and Political Theory (Page-138), Rethinking Relations between Society and Nature (Page-164), The Future of Environmentalism (Page-184). | ||
| 650 | 0 | _aEnvironmental policy. | |
| 650 | 0 |
_aEnvironmentalism. _9102098 |
|
| 650 | 0 |
_aGreen movement. _9106551 |
|
| 650 | 0 |
_aSocial ecology. _9106552 |
|
| 942 |
_2ddc _cBK _k363.7,MAR |
||
| 999 |
_c185765 _d185765 |
||